Discurso pronunciado en el Ateneo de Madrid por Don Adolfo Rodríguez-Jurado y de la Hera sobre el proyecto de reforma agraria en la Asamblea organizada por la Sección de Ciencias Económicas de dicha entidad. (Record no. 134267)

MARC details
000 -LEADER
campo de control de longitud fija 00894nam a2200229 i 4500
001 - NÚMERO DE CONTROL
campo de control 134267
003 - IDENTIFICADOR DE NÚMERO DE CONTROL
campo de control ES-MaACL
005 - FECHA Y HORA DE LA ÚLTIMA TRANSACCIÓN
campo de control 20251012063053.0
007 - CAMPO FIJO DE DESCRIPCIÓN FÍSICA--INFORMACIÓN GENERAL
campo de control de longitud fija t|
008 - DATOS DE LONGITUD FIJA--INFORMACIÓN GENERAL
campo de control de longitud fija 070907s1931 sp |||| | spa d
080 ## - NÚMERO DE LA CLASIFICACIÓN DECIMAL UNIVERSAL
Número de la Clasificación Decimal Universal 338:63(460)
100 1# - ENTRADA PRINCIPAL--NOMBRE DE PERSONA
Nombre de persona Rodríguez-Jurado, Adolfo,
Fechas asociadas al nombre 1899-1982
9 (RLIN) 159284
245 10 - MENCIÓN DEL TÍTULO
Título Discurso pronunciado en el Ateneo de Madrid por Don Adolfo Rodríguez-Jurado y de la Hera sobre el proyecto de reforma agraria en la Asamblea organizada por la Sección de Ciencias Económicas de dicha entidad.
260 ## - PUBLICACIÓN, DISTRIBUCIÓN, ETC.
Lugar de publicación, distribución, etc. Madrid :
Nombre del editor, distribuidor, etc. Vicente Rico,
Fecha de publicación, distribución, etc. [1931]
300 ## - DESCRIPCIÓN FÍSICA
Extensión 45 p. ;
Dimensiones 19 cm.
610 24 - PUNTO DE ACCESO ADICIONAL DE MATERIA--NOMBRE DE ENTIDAD CORPORATIVA
Nombre de entidad corporativa o nombre de jurisdicción como elemento de entrada Ateneo de Madrid-
Subdivisión de forma Conferencias-
Subdivisión cronológica 1900-1939
9 (RLIN) 1907
650 ## - PUNTO DE ACCESO ADICIONAL DE MATERIA--TÉRMINO DE MATERIA
Término de materia o nombre geográfico como elemento de entrada Reforma agraria-
Subdivisión geográfica España-
Subdivisión cronológica 1931-1939.
9 (RLIN) 16720
710 2# - ENTRADA AGREGADA--NOMBRE DE ENTIDAD CORPORATIVA
Nombre de entidad corporativa o nombre de jurisdicción como elemento de entrada Ateneo de Madrid.
Unidad subordinada Sección de Ciencias Económicas.
9 (RLIN) 1975
852 ## - LOCALIZACIÓN
Ubicación ES-MaACL
Número de control de estantería 2237-F-11
942 ## - ELEMENTOS DE ENTRADA SECUNDARIOS (KOHA)
Fuente del sistema de clasificación o colocación Clasificación Decimal Dewey
Holdings
Estatus retirado Estado de pérdida Estado de daño No para préstamo Colección Biblioteca de origen Biblioteca actual Ubicación en estantería Fecha de adquisición Fuente de adquisición Total de préstamos Signatura topográfica completa Código de barras Visto por última vez Precio de reemplazo Tipo de ítem Koha
        Colección de folletos Biblioteca del Ateneo de Madrid Biblioteca del Ateneo de Madrid Depósito folletos 17/01/2008     2237-F-11 1139761 23/02/2023 23/02/2023 Folleto